000 00289nam a22001337a 4500
008 171016b xxu||||| |||| 00| 0 eng d
020 _a9780256137996
041 _aeng
080 _27 ED
_a33
100 _a52
101 _aECO
245 _aECONOMICS
_cCOLANDER.D.C
942 _2udc
_cBK
999 _c34005
_d34005